| 000 | 02191cam a22006374i 4500 | ||
|---|---|---|---|
| 003 | PE-LiUPU | ||
| 005 | 20250731170415.0 | ||
| 008 | 170601s2014 r 000 0 spa d | ||
| 020 | _a8467698446 | ||
| 020 | _a9788467698442 | ||
| 035 | _a(Sirsi) a204233 | ||
| 040 |
_aPE-LiUPU _bspa _cPE-LiUPU _erda |
||
| 049 | _aPRUA | ||
| 082 | 0 | 4 |
_a155.28 _bC68 _220 |
| 100 | 1 |
_aClavijo Gamero, Rocío, _eautor. |
|
| 245 | 1 | 0 |
_aCuestionario psicotécnico : _bejercicios prácticos / _cRocío Clavijo Gamero. |
| 250 | _aTercera edición. | ||
| 264 | 1 |
_aSevilla : _bMAD, _c2014. |
|
| 300 |
_a773 páginas : _bilustraciones ; _c23 centímetros. |
||
| 336 |
_atext _2rdacontent |
||
| 337 |
_aunmediated _2rdamedia |
||
| 338 |
_avolume _2rdacarrier |
||
| 505 | 0 | _aPruebas de inteligencia -- Pruebas de aptitud -- Razonamiento -- Capacidad verbal -- Capacidad numérica y de cálculo -- Capacidad menorística -- Resistencia a la fatiga -- Mecánica -- Razonamiento espacial -- Capacidad administrativa -- Pruebas variadas. | |
| 526 | _aSEG68 | ||
| 526 | _aSEG70 | ||
| 526 | _aSEG69 | ||
| 526 | _aSEG67 | ||
| 526 | _aSEG43 | ||
| 526 | _aP144 | ||
| 526 | _aP143 | ||
| 526 | _aP131 | ||
| 526 | _aP122 | ||
| 526 | _aP120 | ||
| 526 | _aP117 | ||
| 526 | _aP112 | ||
| 526 | _aP110 | ||
| 526 | _aP106 | ||
| 526 | _aP101 | ||
| 526 | _aP80 | ||
| 526 | _aP59 | ||
| 526 | _aP54 | ||
| 526 | _aP35 | ||
| 526 | _aP33 | ||
| 526 | _aP30 | ||
| 541 | _g001-003381; | ||
| 650 | 0 | 4 | _aTests psicológicos. |
| 650 | 0 | 4 | _aTests de inteligencia. |
| 700 | 1 |
_aMartín López, Jesús, _eautor. |
|
| 700 | 1 |
_aSantana Domínguez, Dolores, _eautor. |
|
| 910 |
_ajck _bncf _cncf _d20170601 |
||
| 942 |
_2ddc _cBOOK |
||
| 949 |
_a155.28 C68 _wDEWEY _c1 _i76111 _lCCODEBUL1 _mBUL _p65.80 _r0 _sY _tBOOK _u2017-06-01 _xSALUD _PP33 _0COMPRA _o.STAFF. Colección Ciencias de la Salud |
||
| 994 |
_aC0 _bPEPRU |
||
| 596 | _a1 | ||
| 999 |
_a155.28 C68 _wDEWEY _c20605 _i76111 _d20605 _f2021-11-3 _g4 _lCCODEBUL1 _mBUL _p65.80 _q2 _r0 _sY _tBOOK _u2017-6-1 _xSALUD _PP33 _0COMPRA _o.STAFF. Colección Ciencias de la Salud |
||
| 980 |
_81 _gALBERTO SANCHEZ Responsable de Automatización |
||